Normal view
MARC view
- Murtaza Sabeeh
Entry Personal Name
001 - CONTROL NUMBER
- control field: 73015
003 - CONTROL NUMBER IDENTIFIER
- control field: NUST
005 - DATE AND TIME OF LATEST TRANSACTION
- control field: 20210628204943.0
008 - FIXED-LENGTH DATA ELEMENTS
- fixed length control field: 210628|| aca||aabn | a|a d
040 ## - CATALOGING SOURCE
- Original cataloging agency: NUST
- Transcribing agency: NUST
100 ## - HEADING--PERSONAL NAME
- Personal name: Murtaza Sabeeh
670 ## - SOURCE DATA FOUND
- Source citation: Work cat.: (NUST): Murtaza Sabeeh, PR-SOF-1897-GSM Based Smart Energy Meter Billing using Arduino, 2020
